Foundations in microbiology / (Record no. 10128)
[ view plain ]
| 000 -LEADER | |
|---|---|
| fixed length control field | 00713nam a22002177a 4500 |
| 003 - CONTROL NUMBER IDENTIFIER | |
| control field | OSt |
| 005 - DATE AND TIME OF LATEST TRANSACTION | |
| control field | 20250508021705.0 |
| 008 - FIXED-LENGTH DATA ELEMENTS--GENERAL INFORMATION | |
| fixed length control field | 250508t2008 |||||||| |||| 00| | eng d |
| 020 ## - INTERNATIONAL STANDARD BOOK NUMBER | |
| International Standard Book Number | 978-007-126453-2 |
| 040 ## - CATALOGING SOURCE | |
| Transcribing agency | JMCFI - Learning Resource Center |
| 082 ## - DEWEY DECIMAL CLASSIFICATION NUMBER | |
| Classification number | MAHL/Med. 616.9'041 T137 2008 |
| 100 ## - MAIN ENTRY--PERSONAL NAME | |
| Personal name | Talaro, Kathleem Park |
| 9 (RLIN) | 32141 |
| 245 ## - TITLE STATEMENT | |
| Title | Foundations in microbiology / |
| Statement of responsibility, etc. | Kathleen Park Talaro. |
| 250 ## - EDITION STATEMENT | |
| Edition statement | Sixth edition. |
| 260 ## - PUBLICATION, DISTRIBUTION, ETC. | |
| Place of publication, distribution, etc. | New York : |
| Name of publisher, distributor, etc. | McGraw-Hill , |
| Date of publication, distribution, etc. | 2008. |
| 300 ## - PHYSICAL DESCRIPTION | |
| Extent | xxi, [895 pages] : |
| Other physical details | black and white, illus. ; |
| Dimensions | 26 cm |
| 500 ## - GENERAL NOTE | |
| General note | Includes indexes and glossary. |
| 650 ## - SUBJECT ADDED ENTRY--TOPICAL TERM | |
| Topical term or geographic name entry element | Microbiology. |
| 9 (RLIN) | 6794 |
| 650 ## - SUBJECT ADDED ENTRY--TOPICAL TERM | |
| Topical term or geographic name entry element | Medical microbiology. |
| 9 (RLIN) | 6795 |
| 942 ## - ADDED ENTRY ELEMENTS (KOHA) | |
| Source of classification or shelving scheme | Dewey Decimal Classification |
| Koha item type | Books |
| Edition | Sixth edition |
| Suppress in OPAC | No |
| Withdrawn status | Lost status | Source of classification or shelving scheme | Damaged status | Not for loan | Home library | Current library | Shelving location | Date acquired | Total Checkouts | Full call number | Barcode | Date last seen | Copy number | Price effective from | Koha item type |
|---|---|---|---|---|---|---|---|---|---|---|---|---|---|---|---|
| Dewey Decimal Classification | LRC - Medical and Allied Health | LRC - Medical and Allied Health | MAHL - Medicine | 11/01/2019 | MAHL/Med. 616.9'041 T137 2008 | MAHL00002022 | 05/08/2025 | 1 | 05/08/2025 | Books |